| 000 | 01588nam a2200421 a 4500 | ||
|---|---|---|---|
| 003 | BLK | ||
| 005 | 20230719115256.0 | ||
| 008 | 180408b bul|||||r ||||||| ||bul|| | ||
| 010 | _aKNG00054429000 | ||
| 040 | _aBLK | ||
| 041 |
_aRUS _cRUS |
||
| 080 |
_aМузиканти-творци, композитори _b78.071.1 _x(44)(092) _z78.071.1(44)(092) |
||
| 080 |
_b929 Равел, Морис _z929 Равел, Морис |
||
| 100 | 1 |
_aСмирнов, Валерий Васильевич _eпърви автор _9275456 |
|
| 139 |
_aСмирнов, Валерий Васильевич _bР 11 |
||
| 245 | 1 | 0 |
_aМорис Равель и его творчество _cВалерий Васильевич Смирнов. |
| 257 | _aSUN | ||
| 260 |
_bМузыка _c1981 _aМосква |
||
| 300 |
_a224 с. _bс ноти _c21 см |
||
| 380 | _a7 | ||
| 500 | _aБиблиогр. с. 214 - 216. - Именен указател | ||
| 600 | 1 | 4 |
_aРавел, Морис _9113812 |
| 650 | 4 |
_aКомпозитори - биографии _9246095 |
|
| 650 | 4 |
_aКомпозитори, френски _9256945 |
|
| 650 | 4 |
_aРавел, Морис _9113812 |
|
| 651 | 4 |
_aФранция _9179722 |
|
| 653 | _aкомпозитори | ||
| 653 | _aбиографии | ||
| 653 | _aФранция | ||
| 653 | _aМорис Равел | ||
| 852 |
_aЦб 125534 _bЦб |
||
| 856 | 4 | _qpdf | |
| 856 | 4 | _qpdf | |
| 942 |
_cKNG _n0 _01 |
||
| 944 |
_aCR _c13.06.2011 _lРусанова Ирена _k30542 |
||
| 944 |
_aED _c19.07.2023 _kир |
||
| 999 |
_c50557 _d50557 |
||
| 999 | _d50557 | ||